• 首页
  • 本馆介绍
  • 公告通知
  • 最新文献
  • 馆藏检索
  • 电子资源
  • 读者导购
  • 参考咨询
  • 我的图书馆
  • 登录
  • 详细信息显示
  • 放入我的书架
  • 预约/预借图书
  • 作者相关作品
  • 分类相关作品
  • 丛书相关作品
  • 出版社相关作品

书目信息

  • 表格格式
  • 工作单格式
  • 卡片格式
题名:
外科学
    
 
作者: 黄家驷 , 吴阶平 主编
分册: 上册  
出版信息: 北京   人民卫生出版社  1979.04
页数: 913页
开本: 26cm
丛书名:
单 册:
中图分类: R6
科图分类:
主题词: 外科学
电子资源:
ISBN:
000 00562nam0 2200205 45
001 0405211533
005 20060418165319.14
010    @dCNY5.00
100    @a20040521d1979 km y0chiy0120 ea
101 0  @achi
105    @a z 000yy
200 1  @a外科学@h上册@AWai Ke Xue@f黄家驷,吴阶平主编@FHuang Jia Si,Wu Jie Ping Zhu Bian
210    @a北京@c人民卫生出版社@d1979.04
215    @a913页@d26cm
606 0  @a外科学
690    @aR6@v3
701  0 @a黄家驷@4主编
701  0 @a吴阶平@4主编
801    @aCN@bPftUser@c20060418
905    @f1@b20696@f1@b12481@dR6@e1:1
    
    外科学.上册/黄家驷,吴阶平主编.-北京:人民卫生出版社,1979.04
    913页;26cm
    
    
    ISBN :CNY5.00
    
●
相关链接 在E读中查询图书 在五车中查询图书 在当当中查询图书 在豆瓣中查询图书


正题名:外科学     索取号:R6/1:1         预约/预借

序号 登录号 条形码 馆藏地/架位号 状态 备注
1 0012479   000715505   第二样本阅览室/ [索取号:R6/1:1] 在馆    
2 0012481   000715471   第三借阅区/ [索取号:R6/1:1] 在馆    
3 0020696   000715499   密集书库/ [索取号:R6/1:1] 在馆    
4 0277011   202173003   密集书库/ [索取号:R6/1:1] 在馆    
唐山师范学院图书馆 欢迎您!
大连网信软件有限公司© 版权所有